[Event "Ì15Ï"]
[Site "Loo"]
[Date "2017.04.24"]
[Round "5.25"]
[White "Áîêòàåâ, Àäüÿí."]
[Black "Êðèâè÷, Èëüÿ."]
[Result "1-0"]
[WhiteElo "1759"]
[BlackElo "1546"]
[PlyCount "61"]
[EventDate "2017.04.20"]

1. d4 Nf6 2. c4 c5 3. e3 g6 4. Nf3 Bg7 5. Nc3 O-O 6. Bd3 b6 7. Qc2 e6 8. d5 d6
9. e4 e5 10. Bg5 h6 11. Be3 Na6 12. a3 Nc7 13. h3 a6 14. b4 Nh5 15. g4 Nf4 16.
O-O-O Nxd3+ 17. Qxd3 b5 18. bxc5 bxc4 19. Qxc4 Nb5 20. a4 Nxc3 21. Qxc3 f5 22.
gxf5 gxf5 23. Rhg1 f4 24. Bd2 Bxh3 25. Rg6 Rc8 26. c6 Rf6 27. Rdg1 Rxg6 28.
Rxg6 Kh7 29. Rg1 Qf6 30. Ng5+ hxg5 31. Qxh3+ 1-0

[Event "Ì15Ï"]
[Site "Loo"]
[Date "2017.04.24"]
[Round "5.26"]
[White "Àäûðáàåâ, Àëüáåðò."]
[Black "Æóê, Êèðèëë."]
[Result "1-0"]
[WhiteElo "2008"]
[BlackElo "1641"]
[PlyCount "119"]
[EventDate "2017.04.20"]

1. d4 d5 2. Nf3 Nf6 3. g3 c6 4. Bg2 Bf5 5. O-O e6 6. c4 Nbd7 7. Nbd2 Be7 8. b3
Ne4 9. Bb2 Nxd2 10. Nxd2 Nf6 11. Rc1 O-O 12. f3 Bb4 13. a3 Bxd2 14. Qxd2 Re8
15. Kh1 Qd7 16. Rfe1 h6 17. e4 Bg6 18. e5 Nh7 19. cxd5 cxd5 20. Bf1 Rec8 21. a4
Rxc1 22. Rxc1 Rc8 23. Bb5 Qd8 24. Ba3 a6 25. Be2 Nf8 26. Bd6 Nd7 27. Rc3 Nb8
28. b4 Nc6 29. b5 axb5 30. axb5 Na7 31. Qc1 Kh7 32. Rc5 b6 33. Bc7 Qd7 34. Bxb6
Rxc5 35. Qxc5 Nc8 36. Ba5 Bf5 37. Kg2 f6 38. Qc7 Qxc7 39. Bxc7 fxe5 40. dxe5 g5
41. b6 Nxb6 42. Bxb6 Kg6 43. Kf2 Bc2 44. Ke3 Ba4 45. Bd3+ Kf7 46. f4 gxf4+ 47.
gxf4 Bd1 48. f5 exf5 49. Kf4 Ba4 50. Bxf5 Bc6 51. e6+ Ke7 52. Ke5 Bb7 53. Bc5+
Ke8 54. Bg6+ Kd8 55. e7+ Kc7 56. e8=Q h5 57. Qe7+ Kc8 58. Bf5+ Kb8 59. Qd8+ Bc8
60. Qxc8# 1-0

[Event "Ì15Ï"]
[Site "Loo"]
[Date "2017.04.24"]
[Round "5.27"]
[White "Òÿïêèí, Ïåòð."]
[Black "Íîâèêîâ, Èâàí."]
[Result "1-0"]
[WhiteElo "1960"]
[BlackElo "1649"]
[PlyCount "79"]
[EventDate "2017.04.20"]

1. d4 Nf6 2. Nf3 g6 3. c4 Bg7 4. Nc3 d5 5. e3 O-O 6. cxd5 Nxd5 7. Bc4 c6 8. O-O
Bf5 9. Qe2 Nxc3 10. bxc3 Be4 11. Ba3 Nd7 12. Rfd1 b5 13. Bb3 Nb6 14. Nd2 Bd5
15. e4 Bxb3 16. axb3 Qc7 17. e5 Nd5 18. Ne4 Rfe8 19. Rac1 Bh6 20. Rc2 a5 21. c4
Nf4 22. Qf3 bxc4 23. bxc4 Ne6 24. Rc3 Qb6 25. d5 cxd5 26. cxd5 Nd4 27. Qd3 Nf5
28. g4 Nh4 29. Qg3 g5 30. Rc6 Qb5 31. Rxh6 Qe2 32. Nc3 Qc2 33. Rc6 Qb3 34. Bc1
Rec8 35. Qd3 Rxc6 36. dxc6 Qe6 37. h3 Qxc6 38. Nd5 Kg7 39. Bxg5 Ng6 40. Nxe7
1-0

[Event "Ì15Ï"]
[Site "Loo"]
[Date "2017.04.24"]
[Round "5.28"]
[White "Åñèïîâ, Ãåííàäèé."]
[Black "Ãàãàðèí, Âàñèëèé."]
[Result "0-1"]
[WhiteElo "1675"]
[BlackElo "1956"]
[PlyCount "80"]
[EventDate "2017.04.20"]

1. d4 Nf6 2. c4 d6 3. Nc3 Nbd7 4. e4 e5 5. Nf3 c6 6. d5 c5 7. Be3 Be7 8. Be2
O-O 9. O-O Ne8 10. Qc2 g6 11. a3 Ng7 12. b4 b6 13. bxc5 bxc5 14. Nd2 f5 15. f4
Bf6 16. Nf3 exf4 17. Bxf4 fxe4 18. Nd2 Nf5 19. Ndxe4 Be5 20. Bg5 Qa5 21. Bd2
Nd4 22. Qd3 Nb3 23. Rab1 Nxd2 24. Qxd2 Nf6 25. Nxf6+ Bxf6 26. Ne4 Qxd2 27. Nxd2
Bf5 28. Rb5 Rfe8 29. Bf3 Bd4+ 30. Kh1 Be3 31. Rb2 Bd3 32. Rd1 Bxd2 33. Rbxd2
Bxc4 34. Bg4 Rab8 35. Be6+ Kg7 36. Rc1 Rf8 37. g3 Ba6 38. Rc3 Rb1+ 39. Kg2 Bf1+
40. Kg1 Bh3+ 0-1

[Event "Ì15Ï"]
[Site "Loo"]
[Date "2017.04.24"]
[Round "5.29"]
[White "Ãàâðèëèí, Ðîìàí."]
[Black "Íîâèêîâ, Àëåêñåé."]
[Result "1-0"]
[WhiteElo "1668"]
[BlackElo "1927"]
[PlyCount "117"]
[EventDate "2017.04.20"]

1. e4 e5 2. Nf3 Nc6 3. Bc4 Nf6 4. d3 Bc5 5. O-O d6 6. c3 a6 7. Bb3 Bg4 8. Be3
Qd7 9. Nbd2 h6 10. Bc2 Bh5 11. h3 g5 12. Qe1 Bxf3 13. Nxf3 g4 14. hxg4 Qxg4 15.
Nh2 Qg6 16. Bxc5 Rg8 17. g3 dxc5 18. Qe3 b6 19. Bd1 h5 20. Kh1 h4 21. Rg1 O-O-O
22. Be2 Qh7 23. g4 c4 24. g5 cxd3 25. Bxd3 Rxd3 26. Qxd3 Nxe4 27. Qf3 Kb7 28.
g6 Rxg6 29. Rxg6 Qxg6 30. Rg1 Qh7 31. Ng4 f5 32. Ne3 f4 33. Nd5 Qf5 34. Nb4
Nxb4 35. cxb4 Kc8 36. Kh2 a5 37. bxa5 bxa5 38. Re1 Nd6 39. Qh3 Qxh3+ 40. Kxh3
Nf7 41. Kxh4 Kd7 42. Kg4 Ke6 43. Rc1 Kd6 44. Kf5 Nh6+ 45. Kg5 Ng8 46. Rd1+ Ke6
47. Rd8 Nf6 48. f3 e4 49. Kxf4 exf3 50. Kxf3 Nd7 51. Ra8 Ne5+ 52. Ke4 Nc6 53.
Rh8 Kd6 54. a3 Kc5 55. Rh7 Kb6 56. Kd5 Na7 57. a4 Nc8 58. Rh6+ Nd6 59. Rxd6+
1-0

[Event "Ì15Ï"]
[Site "Loo"]
[Date "2017.04.24"]
[Round "5.30"]
[White "Îæåãîâ, Åãîð."]
[Black "Áðàò÷èêîâ, Âëàäèñëàâ."]
[Result "0-1"]
[WhiteElo "1632"]
[BlackElo "1894"]
[PlyCount "48"]
[EventDate "2017.04.20"]

1. Nf3 d5 2. b3 Nf6 3. Bb2 Bf5 4. e3 e6 5. c4 Be7 6. Nc3 O-O 7. g3 h6 8. Bg2 c6
9. O-O dxc4 10. bxc4 Bd3 11. Re1 Bxc4 12. d4 Nbd7 13. Qc2 Qa5 14. Nd2 Ba6 15.
e4 Rac8 16. Rad1 Rfd8 17. Nb3 Qc7 18. d5 cxd5 19. exd5 Bb4 20. dxe6 fxe6 21.
Nd4 Nf8 22. Re3 Qb6 23. Qa4 Rxd4 24. Rxd4 Qxd4 0-1

[Event "Ì15Ï"]
[Site "Loo"]
[Date "2017.04.24"]
[Round "5.31"]
[White "Äÿøêèí, Äìèòðèé."]
[Black "Ãàðèôçÿíîâ, Íèÿç."]
[Result "0-1"]
[WhiteElo "1568"]
[BlackElo "1874"]
[PlyCount "99"]
[EventDate "2017.04.20"]

1. e4 c6 2. d4 d5 3. Nc3 dxe4 4. Nxe4 Bf5 5. Ng3 Bg6 6. Nf3 Nd7 7. h4 h6 8. Bd3
Bxd3 9. Qxd3 e6 10. Bd2 Ngf6 11. O-O-O Bd6 12. Ne4 Nxe4 13. Qxe4 Nf6 14. Qe2
Qc7 15. g3 O-O 16. Rdg1 b5 17. g4 Nd5 18. Ne5 f6 19. Ng6 Rfe8 20. g5 Kh7 21.
gxh6 gxh6 22. Qh5 Bf4 23. Bxf4 Nxf4 24. Qg4 Nd5 25. Kb1 Rad8 26. h5 Qf7 27. Qe4
f5 28. Qf3 Qf6 29. Ne5 Ne7 30. Nxc6 Nxc6 31. Qxc6 Qxd4 32. a3 Qd5 33. Qc7+ Qd7
34. Qe5 Rg8 35. Rd1 Qc6 36. Rhe1 Rxd1+ 37. Rxd1 Rg7 38. b3 Rc7 39. Rd2 a5 40.
Qf6 Rg7 41. Kb2 b4 42. a4 Qf3 43. Rd3 Qxh5 44. Qxe6 Qg6 45. Qe5 Ra7 46. Rg3 Qf7
47. Ka2 Ra6 48. Rf3 Rc6 49. Rxf5 Rxc2+ 50. Ka1 {çàïèñü íåðàçáîð~~èâà} 0-1

[Event "Ì15Ï"]
[Site "Loo"]
[Date "2017.04.24"]
[Round "5.32"]
[White "Ãàëè÷êèí, Èëüÿ."]
[Black "Çàêèðîâ, Àðòóð."]
[Result "1/2-1/2"]
[WhiteElo "1851"]
[BlackElo "1619"]
[PlyCount "87"]
[EventDate "2017.04.20"]

1. e4 e5 2. Nf3 Nc6 3. Bb5 a6 4. Ba4 Nf6 5. O-O b5 6. Bb3 Be7 7. Re1 d6 8. h3
O-O 9. c3 Bb7 10. d4 Nd7 11. a4 exd4 12. cxd4 Bf6 13. Nc3 Na5 14. Nd5 Nxb3 15.
Qxb3 Bxd5 16. Qxd5 Nb6 17. Qf5 Nxa4 18. b3 Nb6 19. Bb2 g6 20. Qf4 Bg7 21. e5
dxe5 22. dxe5 Qd3 23. Re3 Qc2 24. Qd4 Rfd8 25. Qc3 Qxc3 26. Rxc3 Rd7 27. Rc6
Rd3 28. Rxc7 Rxb3 29. Bd4 Nd5 30. Ra7 Rxa7 31. Bxa7 b4 32. Rxa6 Rb1+ 33. Kh2 b3
34. Bd4 h6 35. Nd2 Rd1 36. Ra8+ Kh7 37. Nxb3 Rd3 38. e6 Bxd4 39. Nxd4 fxe6 40.
Nxe6 Rb3 41. Ra7+ Kh8 42. Nd4 Rb2 43. Kg3 Nf6 44. Kf3 1/2-1/2

[Event "Ì15Ï"]
[Site "Loo"]
[Date "2017.04.24"]
[Round "5.33"]
[White "Ãðèøèí, Ïàâåë."]
[Black "Áóðäèí, Øàõðîì."]
[Result "1-0"]
[WhiteElo "1840"]
[BlackElo "1579"]
[PlyCount "95"]
[EventDate "2017.04.20"]

1. e4 e5 2. Nf3 Nc6 3. Bc4 Bc5 4. O-O Nf6 5. d4 Bxd4 6. Nxd4 Nxd4 7. f4 Nc6 8.
Bxf7+ Kxf7 9. fxe5 Nxe5 10. Qd5+ Ke8 11. Qxe5+ Qe7 12. Qxc7 d6 13. Qxe7+ Kxe7
14. Nc3 Be6 15. Bg5 Rhf8 16. Rae1 h6 17. Nd5+ Bxd5 18. exd5+ Kd7 19. Bxf6 Rxf6
20. Rxf6 gxf6 21. Re6 Rf8 22. Kf2 Rc8 23. Re2 Rc5 24. Rd2 f5 25. b3 Ke7 26. c4
b5 27. Re2+ Kf7 28. Rc2 Kf6 29. Ke3 Ke5 30. Kd3 bxc4+ 31. bxc4 Ra5 32. Re2+ Kf4
33. Kd4 h5 34. Rf2+ Kg4 35. Kc3 f4 36. Kb4 Rc5 37. Re2 a5+ 38. Kc3 Rc7 39. Re6
Rf7 40. Kd4 Kf5 41. c5 dxc5+ 42. Kxc5 Rg7 43. Re2 Kf6 44. d6 Rb7 45. Kc6 Rb1
46. Rd2 Rc1+ 47. Kb7 Rb1+ 48. Ka7 1-0

[Event "Ì15Ï"]
[Site "Loo"]
[Date "2017.04.24"]
[Round "5.34"]
[White "Áóþêëè, Åãîð."]
[Black "ßñòðåáîâ, Íèêèòà."]
[Result "1-0"]
[WhiteElo "1823"]
[BlackElo "1602"]
[PlyCount "93"]
[EventDate "2017.04.20"]

1. d4 Nf6 2. c4 g6 3. Nc3 Bg7 4. e4 d6 5. f4 O-O 6. Nf3 e5 7. dxe5 dxe5 8. Qxd8
Rxd8 9. Nxe5 Nbd7 10. Nxd7 Bxd7 11. e5 Ne8 12. Be2 f6 13. Bf3 fxe5 14. Bxb7
Rab8 15. Bd5+ Kh8 16. fxe5 Bxe5 17. O-O Nf6 18. Bg5 Nxd5 19. Nxd5 Rf8 20. Bf6+
Bxf6 21. Rxf6 Rxf6 22. Nxf6 Bf5 23. b3 c6 24. g4 Kg7 25. gxf5 Kxf6 26. fxg6
hxg6 27. Rd1 Ke7 28. Kf2 Rf8+ 29. Kg3 Rf5 30. h4 Ra5 31. Rd2 Re5 32. Kg4 Rf5
33. Rd3 Ra5 34. Rd2 Rf5 35. b4 Re5 36. Rf2 Re4+ 37. Rf4 Re2 38. Kg5 Re6 39. c5
a6 40. a3 a5 41. bxa5 Re5+ 42. Kxg6 Rxc5 43. Ra4 Rc2 44. a6 Rg2+ 45. Kh7 Kf7
46. a7 Rg7+ 47. Kh6 1-0

[Event "Ì15Ï"]
[Site "Loo"]
[Date "2017.04.24"]
[Round "5.35"]
[White "Òîëñòûõ, Äìèòðèé."]
[Black "Ãåéí, Âëàäèìèð."]
[Result "0-1"]
[WhiteElo "1569"]
[BlackElo "1822"]
[PlyCount "50"]
[EventDate "2017.04.20"]

1. d4 d5 2. c4 c6 3. Nc3 Nf6 4. Nf3 a6 5. Bf4 dxc4 6. e3 b5 7. a4 Bb7 8. b3 e6
9. bxc4 Bb4 10. Qd3 Qa5 11. Rc1 bxc4 12. Qxc4 Nd5 13. Rb1 Bxc3+ 14. Ke2 Bb4 15.
Kd3 Nd7 16. Be5 Qxa4 17. e4 a5 18. Qb3 Qxb3+ 19. Rxb3 Nxe5+ 20. Nxe5 Nf6 21.
Ke3 O-O 22. Nd3 c5 23. dxc5 Bxe4 24. Nxb4 axb4 25. Rxb4 Nd5+ 0-1

[Event "Ì15Ï"]
[Site "Loo"]
[Date "2017.04.24"]
[Round "5.36"]
[White "Íîâèêîâ, Ðîìàí."]
[Black "Êàðäîíîâ, Áààòð."]
[Result "1-0"]
[WhiteElo "1781"]
[BlackElo "1574"]
[PlyCount "57"]
[EventDate "2017.04.20"]

1. d4 d5 2. c4 e6 3. Nc3 Nf6 4. Nf3 c6 5. Bg5 Nbd7 6. e3 Bb4 7. Qc2 Qa5 8. Nd2
dxc4 9. Bxf6 Nxf6 10. Nxc4 Qg5 11. a3 Bxc3+ 12. bxc3 O-O 13. Ne5 Nd7 14. f4 Qe7
15. Bd3 Nxe5 16. fxe5 h6 17. O-O b6 18. Rf4 Bb7 19. Qf2 Rac8 20. Rf1 Rc7 21.
Qg3 Kh8 22. Rg4 Rg8 23. Rf6 Qf8 24. Qh4 g6 25. Bxg6 Qg7 26. Bxf7 Rxf7 27. Rxh6+
Qh7 28. Rxh7+ Rxh7 29. Qf6+ 1-0

[Event "Ì15Ï"]
[Site "Loo"]
[Date "2017.04.24"]
[Round "5.37"]
[White "Èâëåâ, Àëåêñàíäð."]
[Black "Åôàíîâ, Àëåêñåé."]
[Result "1-0"]
[WhiteElo "1778"]
[BlackElo "1567"]
[PlyCount "102"]
[EventDate "2017.04.20"]

1. d4 Nf6 2. Nf3 e6 3. Bf4 b6 4. e3 Bb7 5. Nbd2 Be7 6. h3 O-O 7. Bd3 d5 8. O-O
Nbd7 9. c3 c5 10. Qc2 c4 11. Be2 Rc8 12. Ne5 Nxe5 13. Bxe5 Bd6 14. Bxd6 Qxd6
15. Bf3 Rfe8 16. Rad1 Qc7 17. Rfe1 Rcd8 18. e4 e5 19. dxe5 Rxe5 20. exd5 Rxe1+
21. Rxe1 Bxd5 22. Bxd5 Rxd5 23. Ne4 Re5 24. Nxf6+ gxf6 25. Qd1 Kf8 26. Rxe5
fxe5 27. Qd5 f6 28. Qe6 Kg7 29. Kf1 Qd8 30. Qg4+ Kf7 31. Qf3 Kg7 32. Ke2 a6 33.
Qg4+ Kf8 34. Qxc4 a5 35. Qd3 Qe7 36. Qd5 Kg7 37. Kd2 Qc7 38. Ke1 Kf8 39. a3 Kg7
40. Kf1 Kf8 41. g3 Kg7 42. Kg2 Qe7 43. b4 axb4 44. axb4 e4 45. Qd4 b5 46. Kf1
Qe6 47. Kg2 Kg6 48. Qc5 Qd7 49. c4 Qd3 50. cxb5 e3 51. Qxe3 Qxb5 1-0

[Event "Ì15Ï"]
[Site "Loo"]
[Date "2017.04.24"]
[Round "5.38"]
[White "Áåçóõîâ, Àëåêñàíäð."]
[Black "Àáäóðàèìîâ, Ýñìåò."]
[Result "0-1"]
[WhiteElo "1564"]
[BlackElo "1720"]
[PlyCount "102"]
[EventDate "2017.04.20"]

1. e4 c5 2. c3 d6 3. d4 Nf6 4. dxc5 Nc6 5. f3 dxc5 6. Qxd8+ Kxd8 7. Be3 b6 8.
Na3 Kc7 9. O-O-O Be6 10. Bc4 Bxc4 11. Nxc4 Nd7 12. a4 g6 13. Nh3 Bg7 14. Ng5
Raf8 15. Rd2 h6 16. Nh3 Rd8 17. Nf4 Nde5 18. Nxe5 Bxe5 19. Rhd1 e6 20. g3 Bf6
21. Ng2 c4 22. Rxd8 Bxd8 23. f4 a6 24. Bd4 Re8 25. e5 g5 26. Ne3 Na5 27. f5 b5
28. axb5 axb5 29. Kc2 Nb3 30. fxe6 fxe6 31. Rf1 Kc6 32. Rf7 Nxd4+ 33. cxd4 Bb6
34. d5+ exd5 35. Rf6+ Kc5 36. e6 d4 37. Nf5 d3+ 38. Kd1 Ra8 39. Kd2 Ba5+ 40.
Ke3 d2 41. Ke2 c3 42. bxc3 Bxc3 43. Rf7 Ra1 44. Rd7 Re1+ 45. Kf2 Rxe6 46. Rc7+
Kb4 47. Rd7 Kb3 48. Rxd2 Re5 49. Nd4+ Kc4 50. Nf3 Rf5 51. Rd8 g4 0-1

[Event "Ì15Ï"]
[Site "Loo"]
[Date "2017.04.24"]
[Round "5.39"]
[White "Ùåïåòíîâ, Åãîð."]
[Black "Ãàâðèëåíêî, Äàíèèë."]
[Result "1/2-1/2"]
[WhiteElo "1711"]
[BlackElo "1546"]
[PlyCount "82"]
[EventDate "2017.04.20"]

1. c4 c5 2. Nc3 Nc6 3. g3 g6 4. Bg2 Bg7 5. e4 e5 6. d3 Nge7 7. f4 d6 8. Nf3 O-O
9. O-O Bg4 10. h3 Bxf3 11. Qxf3 Nd4 12. Qf2 exf4 13. Bxf4 Nec6 14. Nd5 Ne5 15.
Qd2 Qd7 16. Kh2 f6 17. Rf2 Rf7 18. Raf1 Raf8 19. Bh6 Qe8 20. Bxg7 Kxg7 21. Ne3
Qd7 22. h4 f5 23. Bh3 Qc6 24. Nd5 Qd7 25. exf5 Nxf5 26. Ne3 Nxe3 27. Qxe3 Rxf2+
28. Rxf2 Rxf2+ 29. Qxf2 Ng4+ 30. Bxg4 Qxg4 31. Qe3 Qf5 32. Kg2 Qe5 33. Qxe5+
dxe5 34. g4 h5 35. gxh5 gxh5 36. Kf3 Kf6 37. Ke4 Ke6 38. a3 b6 39. b3 a6 40. a4
a5 41. Ke3 Kf5 1/2-1/2

[Event "Ì15Ï"]
[Site "Loo"]
[Date "2017.04.24"]
[Round "5.40"]
[White "Áàáàÿí, Àðìàí."]
[Black "Åðîõèí, Àðòåì."]
[Result "1/2-1/2"]
[WhiteElo "1531"]
[BlackElo "1705"]
[PlyCount "123"]
[EventDate "2017.04.20"]

1. e4 c5 2. Nf3 Nc6 3. d4 cxd4 4. Nxd4 e5 5. Nb5 d6 6. N1c3 a6 7. Na3 b5 8. Nd5
Nge7 9. Nxe7 Bxe7 10. Be3 Be6 11. Be2 O-O 12. O-O Bg5 13. Qd2 Bxe3 14. Qxe3 Rc8
15. c3 Qc7 16. Rfd1 Rfd8 17. Nc2 Ne7 18. Nb4 a5 19. Nd5 Bxd5 20. exd5 Qc5 21.
Qd3 Rb8 22. b3 f5 23. g4 g6 24. gxf5 Nxf5 25. Bg4 Rf8 26. a3 Rbc8 27. Rdc1 Kh8
28. b4 Qc4 29. Qxc4 Rxc4 30. Be2 Rf4 31. Bxb5 Nh4 32. Ra2 Nf3+ 33. Kf1 axb4 34.
axb4 Nxh2+ 35. Kg2 Ng4 36. Rf1 e4 37. Kg3 Ne5 38. Be2 R8f5 39. Ra8+ Kg7 40.
Ra7+ Nf7 41. f3 Kf6 42. fxe4 Rxf1 43. exf5 Rxf5 44. b5 Re5 45. Bc4 Re1 46. b6
Rb1 47. Rb7 h5 48. Rb8 g5 49. b7 Ke7 50. Ba6 Nd8 51. Rc8 Nxb7 52. Rc7+ Kf6 53.
Rxb7 h4+ 54. Kh3 Re1 55. Rb3 Re3+ 56. Kg2 g4 57. Bf1 h3+ 58. Kh2 Rf3 59. Kg1
h2+ 60. Kxh2 Rxf1 61. Kg2 Rd1 62. c4 1/2-1/2

[Event "Ì15Ï"]
[Site "Loo"]
[Date "2017.04.24"]
[Round "5.41"]
[White "Ñòåïàíîâ, Ñåðãåé."]
[Black "Ñòÿæêèí, Íèêèòà."]
[Result "1-0"]
[WhiteElo "1406"]
[BlackElo "1703"]
[PlyCount "65"]
[EventDate "2017.04.20"]

1. e4 e5 2. Nf3 Nc6 3. Bc4 Bc5 4. d3 Nf6 5. Bg5 h6 6. Bh4 g5 7. Bg3 d6 8. h3
Be6 9. Nbd2 Qd7 10. Qe2 O-O-O 11. Bxe6 fxe6 12. Nb3 Bb6 13. O-O-O Nh5 14. Nfd2
Nxg3 15. fxg3 d5 16. h4 Rdf8 17. Rhf1 Nd4 18. Nxd4 Bxd4 19. Nf3 Qa4 20. Kb1 Re8
21. hxg5 hxg5 22. c3 Bb6 23. Nxe5 d4 24. Rc1 Qb5 25. Nc4 dxc3 26. Rxc3 Bd4 27.
Nd6+ Kb8 28. Nxb5 Bxc3 29. Nxc3 Rhf8 30. Rxf8 Rxf8 31. Kc2 c6 32. Qg4 Rf2+ 33.
Kb3 1-0

[Event "Ì15Ï"]
[Site "Loo"]
[Date "2017.04.24"]
[Round "5.42"]
[White "Ïîíòèñ, Ñòàíèñëàâ."]
[Black "Êóçíåöîâ, Ñåðãåé."]
[Result "1-0"]
[WhiteElo "1693"]
[BlackElo "1517"]
[PlyCount "53"]
[EventDate "2017.04.20"]

1. d4 e6 2. g3 f5 3. Bg2 Nf6 4. c4 Be7 5. Nf3 O-O 6. O-O d6 7. Nc3 Ne4 8. Nxe4
fxe4 9. Nd2 d5 10. f3 Bf6 11. fxe4 Bxd4+ 12. Kh1 Rxf1+ 13. Nxf1 dxc4 14. e5 Qd7
15. Qc2 c3 16. Bf4 cxb2 17. Rd1 Qb5 18. Be4 c5 19. e3 Nc6 20. exd4 Nxd4 21. Qg2
Bd7 22. Rb1 Ne2 23. Be3 Rb8 24. a4 Qb4 25. Bxc5 Qxc5 26. Qxe2 Qxe5 27. Bxh7+
1-0

[Event "Ì15Ï"]
[Site "Loo"]
[Date "2017.04.24"]
[Round "5.43"]
[White "Àíèñèìîâ, Àðòåì."]
[Black "Ðîìàíîâ, Àëüàìèí."]
[Result "1-0"]
[WhiteElo "1683"]
[BlackElo "1495"]
[PlyCount "96"]
[EventDate "2017.04.20"]

1. Nf3 Nf6 2. b3 g6 3. Bb2 Bg7 4. c4 d6 5. g3 Nbd7 6. Bg2 b6 7. Ne5 Nxe5 8.
Bxa8 Bh3 9. Bf3 Nxf3+ 10. exf3 Qa8 11. Rg1 h5 12. d3 O-O 13. Nd2 c5 14. Qc2 d5
15. cxd5 Qxd5 16. O-O-O Bh6 17. Bxf6 exf6 18. f4 f5 19. Qc4 Qd7 20. Rde1 Bg7
21. Nf3 b5 22. Qc2 Rd8 23. Ne5 Bxe5 24. Rxe5 Qxd3 25. Qxd3 Rxd3 26. Rxc5 Bg4
27. Rxb5 Rf3 28. Ra5 Rxf2 29. h4 Bf3 30. Rxa7 Bd5 31. Rd1 Be4 32. Rd2 Rf1+ 33.
Kb2 Rg1 34. b4 Rxg3 35. b5 Rg1 36. a4 Rb1+ 37. Kc3 Rc1+ 38. Kd4 Rc8 39. b6 Rd8+
40. Ke3 Rb8 41. a5 Kg7 42. Rdd7 Re8 43. Rxf7+ Kg8 44. Rg7+ Kh8 45. Rh7+ Kg8 46.
Rag7+ Kf8 47. Rh8+ Kxg7 48. Rxe8 Bb7 1-0

[Event "Ì15Ï"]
[Site "Loo"]
[Date "2017.04.24"]
[Round "5.44"]
[White "Àéðàïåòÿí, Òèãðàí."]
[Black "Öàðüêîâ, Ìèõàèë."]
[Result "1-0"]
[WhiteElo "1683"]
[BlackElo "1471"]
[PlyCount "69"]
[EventDate "2017.04.20"]

1. d4 d5 2. Nf3 Nf6 3. e3 c6 4. Bd3 e6 5. O-O Nbd7 6. b3 Be7 7. Bb2 O-O 8. c4
Qb6 9. Qc2 h6 10. Nbd2 Re8 11. Rfe1 c5 12. Rac1 cxd4 13. exd4 Qc7 14. c5 Nb8
15. b4 Nc6 16. Qb3 a6 17. a4 b6 18. Ne5 bxc5 19. Nxc6 Qxc6 20. dxc5 Nd7 21. b5
Qc7 22. b6 Qc6 23. Bd4 Bf6 24. Bb5 axb5 25. axb5 Qb7 26. c6 Qb8 27. cxd7 Bxd7
28. Bxf6 gxf6 29. Rc7 Rd8 30. Qg3+ Kh7 31. Qd6 Be8 32. Qxe6 Kg7 33. Qg4+ Kh7
34. Rxe8 Ra1+ 35. Nf1 1-0

[Event "Ì15Ï"]
[Site "Loo"]
[Date "2017.04.24"]
[Round "5.45"]
[White "Ëåáåäåâ, Ìàòâåé."]
[Black "Ãóëèåâ, Ðîìàí."]
[Result "1-0"]
[WhiteElo "1189"]
[BlackElo "1680"]
[PlyCount "71"]
[EventDate "2017.04.20"]

1. d4 Nf6 2. c4 g6 3. Nf3 Bg7 4. Nc3 O-O 5. e4 d6 6. h3 c5 7. d5 Nbd7 8. Be2 a6
9. O-O Ne8 10. Qb3 Nc7 11. a4 Ne5 12. Nxe5 Bxe5 13. Be3 f5 14. exf5 Bxf5 15. f4
Bg7 16. a5 Kh8 17. Na4 Rb8 18. Nb6 Na8 19. g4 Nxb6 20. gxf5 Na8 21. fxg6 hxg6
22. Qc2 Qe8 23. Bd3 Rf6 24. Rf3 e5 25. f5 gxf5 26. Rxf5 Rxf5 27. Bxf5 Qh5 28.
Bg4 Qh4 29. Bf2 Qg5 30. Ra3 Re8 31. Rg3 Qf6 32. Be6 Nc7 33. Rg6 Qf4 34. Rg4 Qf8
35. Rh4+ Bh6 36. Qg6 1-0

[Event "Ì15Ï"]
[Site "Loo"]
[Date "2017.04.24"]
[Round "5.46"]
[White "Êóìàêîâ, Èâàí."]
[Black "Ãîëîâàíñêèõ, Äìèòðèé."]
[Result "1-0"]
[WhiteElo "1783"]
[BlackElo "1447"]
[PlyCount "53"]
[EventDate "2017.04.20"]

1. d4 d5 2. Bg5 c6 3. Nd2 h6 4. Bh4 Nd7 5. e3 Ngf6 6. Bd3 e6 7. c3 a5 8. f4 Be7
9. Ngf3 Ng4 10. Bxe7 Qxe7 11. Qe2 Ngf6 12. O-O c5 13. Ne5 c4 14. Bc2 O-O 15. e4
Nxe5 16. fxe5 Nh7 17. Nf3 Ng5 18. Nxg5 Qxg5 19. Rf3 Qe7 20. Rg3 Kh8 21. Rf1 Bd7
22. Qh5 a4 23. Rf6 Kh7 24. Rxg7+ Kxg7 25. Qxh6+ Kg8 26. Qg5+ Kh7 27. Rh6# 1-0

[Event "Ì15Ï"]
[Site "Loo"]
[Date "2017.04.24"]
[Round "5.47"]
[White "Äàíçàíäîðæèåâ, Áóëàò."]
[Black "Ìèêèåâ, Êëèì."]
[Result "1-0"]
[WhiteElo "1754"]
[BlackElo "1511"]
[PlyCount "93"]
[EventDate "2017.04.20"]

1. d4 d5 2. c4 e6 3. Nf3 Nf6 4. Nc3 Be7 5. e3 O-O 6. Qc2 Nbd7 7. Bd3 b6 8. a3
dxc4 9. Bxc4 Bb7 10. b4 c5 11. dxc5 bxc5 12. b5 Nb6 13. Be2 Rc8 14. O-O Qc7 15.
Nd2 Nfd5 16. Bb2 Rfd8 17. Nc4 Nxc3 18. Bxc3 Bd5 19. Be5 Qb7 20. f3 Bxc4 21.
Bxc4 Nxc4 22. Qxc4 Qd5 23. Qc3 Qd3 24. Rfd1 Qxc3 25. Bxc3 f6 26. a4 e5 27. Ba5
Rxd1+ 28. Rxd1 c4 29. Rd7 Bc5 30. Kf2 Bb6 31. Bc3 f5 32. Ke2 Re8 33. a5 Bd4 34.
Bxd4 exd4 35. Rxd4 Rc8 36. Kd2 c3+ 37. Kc2 h6 38. b6 axb6 39. axb6 Rb8 40. Rb4
Kf7 41. b7 Ke7 42. Kxc3 Kd7 43. Kd4 Kd6 44. Rb6+ Ke7 45. Ke5 Kd7 46. Kxf5 Rf8+
47. Kg6 1-0

[Event "Ì15Ï"]
[Site "Loo"]
[Date "2017.04.24"]
[Round "5.48"]
[White "Äîðîôååâ, Äåíèñ."]
[Black "Ìàðóñîâ, Àëåêñåé."]
[Result "1-0"]
[WhiteElo "1581"]
[BlackElo "1752"]
[PlyCount "119"]
[EventDate "2017.04.20"]

1. e4 c6 2. d4 d5 3. Nd2 dxe4 4. Nxe4 Bf5 5. Ng3 Bg6 6. h4 h6 7. h5 Bh7 8. Nf3
Nd7 9. Bd3 Bxd3 10. Qxd3 e6 11. Bd2 Ngf6 12. O-O-O Bd6 13. Ne4 Nxe4 14. Qxe4
Nf6 15. Qd3 Qc7 16. g3 O-O-O 17. c4 c5 18. Bc3 Be7 19. Qe2 Rhe8 20. Kb1 a6 21.
Ne5 Bd6 22. f4 cxd4 23. Bxd4 Ng8 24. c5 Bf8 25. c6 bxc6 26. Rc1 Ne7 27. Qxa6+
Qb7 28. Qc4 Rd5 29. Nxc6 Nxc6 30. Qxc6+ Qxc6 31. Rxc6+ Kb7 32. Rb6+ Ka8 33. Bc3
Rd3 34. Rh3 Red8 35. Ra6+ Kb7 36. Ra4 Rf3 37. Rd4 Ra8 38. Rd7+ Kc6 39. Rxf7
Rf1+ 40. Kc2 Rxa2 41. Rxf8 Rf2+ 42. Kb3 Ra7 43. Rg8 Rf3 44. Kb4 Rb7+ 45. Kc4
Ra7 46. Rxg7 Rxc3+ 47. bxc3 Rxg7 48. Kd4 Kd6 49. c4 Rc7 50. g4 Rg7 51. Rg3 Rf7
52. c5+ Kc6 53. Ke5 Kxc5 54. g5 Rf5+ 55. Kxe6 Rxf4 56. g6 Re4+ 57. Kf7 Ra4 58.
g7 Ra7+ 59. Kg8 Ra8+ 60. Kh7 1-0

[Event "Ì15Ï"]
[Site "Loo"]
[Date "2017.04.24"]
[Round "5.49"]
[White "Äçàãîâ, Êàìáóëàò."]
[Black "Ìóðòàçèí, Ðàèô."]
[Result "1/2-1/2"]
[WhiteElo "1727"]
[BlackElo "1373"]
[PlyCount "69"]
[EventDate "2017.04.20"]

1. e4 e6 2. d4 d5 3. Nd2 Nf6 4. Bd3 Be7 5. Ngf3 O-O 6. O-O dxe4 7. Nxe4 Nxe4 8.
Bxe4 Nd7 9. c3 Nf6 10. Bc2 h6 11. Qd3 c5 12. Ne5 cxd4 13. cxd4 Qd5 14. Ng4 Qf5
15. Qxf5 exf5 16. Ne5 Be6 17. Be3 Nd5 18. g3 Bf6 19. Bd2 Rac8 20. Bb3 Rfd8 21.
Rac1 Nb6 22. Bxe6 fxe6 23. Bc3 Na4 24. f4 Nxc3 25. Rxc3 Bxe5 26. fxe5 Rxc3 27.
bxc3 Rc8 28. Rc1 Rc4 29. Kf2 Ra4 30. Ra1 Rc4 31. Rc1 Ra4 32. Ra1 Rc4 33. Rc1
Ra4 34. Ra1 Rc4 35. Rc1 1/2-1/2

[Event "Ì15Ï"]
[Site "Loo"]
[Date "2017.04.24"]
[Round "5.50"]
[White "Ðîëüãåéçåð, Ìàðòèí."]
[Black "Ðÿõîâñêèé, Ìàðê."]
[Result "1-0"]
[WhiteElo "1694"]
[BlackElo "1364"]
[PlyCount "145"]
[EventDate "2017.04.20"]

1. e4 c5 2. Nf3 d6 3. d4 cxd4 4. Nxd4 Nf6 5. Nc3 a6 6. Be3 e6 7. g4 e5 8. Nf5
g6 9. Ng3 Bxg4 10. f3 Be6 11. Qd2 Bg7 12. O-O-O O-O 13. Qxd6 Qxd6 14. Rxd6 Nc6
15. Be2 Rfd8 16. Rhd1 Nd4 17. Rxd8+ Rxd8 18. b3 b5 19. Kb2 Rc8 20. Rd2 h5 21.
Nd1 h4 22. Nh1 Ne8 23. Nhf2 f5 24. c3 f4 25. Bxd4 exd4 26. cxd4 Rd8 27. Bf1
Rxd4 28. Rxd4 Bxd4+ 29. Kc2 Kf7 30. Bh3 g5 31. Kd3 Ba7 32. Bxe6+ Kxe6 33. Nh3
Kf6 34. Ndf2 Nc7 35. Ng4+ Kg6 36. Ne5+ Kf6 37. Nc6 Be3 38. Nb8 Ba7 39. Nd7+ Kg6
40. Nf8+ Kg7 41. Nd7 Kg6 42. Ne5+ Kf6 43. Ng4+ Kg6 44. Nhf2 Ne6 45. Ne5+ Kf6
46. Nfg4+ Kg7 47. Nc6 Bb6 48. h3 a5 49. Kc3 Kf7 50. a4 b4+ 51. Kc4 Nc7 52. Kd3
Ne6 53. Nge5+ Ke8 54. Kd2 Be3+ 55. Kc2 Nd4+ 56. Nxd4 Bxd4 57. Nc4 Kd7 58. Kd3
Ba7 59. Nxa5 g4 60. fxg4 f3 61. Nc4 f2 62. Ke2 Ke6 63. a5 Kf6 64. Nb6 Ke5 65.
Kxf2 Kxe4 66. Kg2 Bb8 67. a6 Kd4 68. Nc8 Kc3 69. a7 Bxa7 70. Nxa7 Kxb3 71. Nc6
Kc4 72. Kf3 Kc5 73. Nxb4 1-0